| Tag |
First Indicator |
Second Indicator |
Subfields |
| LEADER |
00000cam a2200000 4500 |
| 001 |
in00000036522 |
| 005 |
20151007060908.0 |
| 008 |
800626r1911 nyua b 00010 eng |
| 010 |
|
|
|a 11010967
|
| 035 |
|
|
|a (OCoLC)06465103
|
| 035 |
|
|
|9 AAD0513AM
|
| 037 |
|
|
|c $0.50
|
| 040 |
|
|
|a DLC
|c TXA
|d UtOrBLW
|
| 049 |
|
|
|a TXAM
|c [4321]
|
| 050 |
|
0 |
|a TA901
|b .L5
|
| 092 |
|
|
|a 691
|b L67m
|
| 100 |
1 |
|
|a Lewis, Myron Henry,
|d 1877-
|
| 245 |
1 |
0 |
|a Modern methods of waterproofing concrete and other structures ;
|b a condensed statement of the principles, rules and precautions to be observed in waterproofing and dampproofing structures and structural materials /
|c by Myron H. Lewis ...
|
| 264 |
|
1 |
|a New York :
|b The Norman W. Henley publishing company,
|c 1911.
|
| 300 |
|
|
|a 2 pages ., pages 344-379 :
|b illustrations ;
|c 23 cm.
|
| 336 |
|
|
|a text
|b txt
|2 rdacontent
|
| 337 |
|
|
|a unmediated
|b n
|2 rdamedia
|
| 338 |
|
|
|a volume
|b nc
|2 rdacarrier
|
| 500 |
|
|
|a "This reprint forms chapter XXX. of the author's ... 'Popular handbook for cement and concrete users.'"--Prefatory note.
|
| 504 |
|
|
|a Bibliography: pages 378-379.
|
| 650 |
|
0 |
|a Waterproofing.
|
| 999 |
|
|
|a MARS
|
| 999 |
f |
f |
|s 87c42146-dabf-3226-9db4-da906b132e04
|i 8e729bd7-413d-322d-9d94-ed062f21a001
|t 0
|
| 952 |
f |
f |
|p ric
|a Texas A&M University
|b Rellis Campus
|c Joint Library Facility
|d Remote Storage
|t 0
|e TA901 .L5
|h Library of Congress classification
|i unmediated -- volume
|m A14801138471
|
| 998 |
f |
f |
|a TA901 .L5
|t 0
|l Remote Storage
|